000 00631cam a2200229 4500500
005 20260329001253.0
041 _afre
042 _adc
100 1 0 _aMoreau, Anne-Sophie
_eauthor
245 0 0 _aBien écouter, avec Plutarque
260 _c2023.
500 _a25
690 _aBienveillance
690 _aCollaboration
690 _aCommunication
690 _aCompétences
690 _aCoopération
690 _aSoft skills
690 _aTravail
786 0 _nPhilonomist | - | 6 | 2023-05-02 | p. 42-43
856 4 1 _uhttps://shs.cairn.info/magazine-philonomist-2023-6-page-42?lang=fr&redirect-ssocas=7080
999 _c1803733
_d1803733